Investigating communication : (Record no. 1649)
[ view plain ]
| 000 -LEADER | |
|---|---|
| fixed length control field | 00775nam a22002292 4500 |
| 001 - CONTROL NUMBER | |
| control field | 0000021069 |
| 005 - DATE AND TIME OF LATEST TRANSACTION | |
| control field | 20151021152606.0 |
| 008 - FIXED-LENGTH DATA ELEMENTS--GENERAL INFORMATION | |
| fixed length control field | 120110s xx 000 0 eng d |
| 020 ## - INTERNATIONAL STANDARD BOOK NUMBER | |
| International Standard Book Number | 0205198260 : |
| 040 ## - CATALOGING SOURCE | |
| Original cataloging agency | KABU |
| Transcribing agency | KABU |
| 100 1# - MAIN ENTRY--PERSONAL NAME | |
| Personal name | Frey, Lawrence R. |
| -- | 0000181734 |
| 245 10 - TITLE STATEMENT | |
| Title | Investigating communication : |
| Remainder of title | an introduction to research methods / |
| Statement of responsibility, etc. | Lawrence R. Frey, Carl H. Botan, Gary L. Kreps. |
| 250 ## - EDITION STATEMENT | |
| Edition statement | 2nd ed. |
| 260 ## - PUBLICATION, DISTRIBUTION, ETC. (IMPRINT) | |
| Place of publication, distribution, etc. | Boston : |
| Name of publisher, distributor, etc. | Allyn & Bacon, |
| Date of publication, distribution, etc. | 2000. |
| 300 ## - PHYSICAL DESCRIPTION | |
| Extent | xiv, 514 p. |
| 650 #0 - SUBJECT ADDED ENTRY--TOPICAL TERM | |
| Topical term or geographic name as entry element | Communication |
| General subdivision | Research |
| -- | Methodology. |
| -- | 0000181735 |
| 700 1# - ADDED ENTRY--PERSONAL NAME | |
| Personal name | Botan, Carl H. |
| -- | 0000181736 |
| 700 1# - ADDED ENTRY--PERSONAL NAME | |
| Personal name | Kreps, Gary L. |
| -- | 0000181737 |
| 852 1# - LOCATION | |
| -- | p11620 KES |
| 908 ## - PUT COMMAND PARAMETER (RLIN) | |
| Put command parameter | 120110 |
| 950 ## - LOCAL HOLDINGS (RLIN) | |
| -- | 1 |
| Withdrawn status | Lost status | Source of classification or shelving scheme | Not for loan | Home library | Current library | Date acquired | Total Checkouts | Total Renewals | Full call number | Barcode | Date last seen | Date last checked out | Copy number | Price effective from | Koha item type |
|---|---|---|---|---|---|---|---|---|---|---|---|---|---|---|---|
| Library of Congress Classification | Kabarak, Main Campus | Kabarak, Main Campus | 21/10/2015 | 6 | 1 | P91.3 .F74 2000 c. 1 | 20161 | 15/03/2022 | 22/07/2021 | c.1 | 21/10/2015 | General Collection |